The 100 Most Influential Persons in History - Statistics

General Stats
  • This quiz has been taken 77 times
    9 since last reset
  • The average score is 28 of 100
Answer Stats
# Occupation Year of Birth Person % Correct
2 Scientist 1642 Isaac Newton
100%
1 Religious Leader 570 Muhammad
100%
10 Scientist 1879 Albert Einstein
89%
18 Ruler 63 BC Augustus Caesar
89%
3 Religious Leader 6 to 4 BC Jesus Christ
89%
9 Discoverer 1451 Christopher Columbus
78%
67 Ruler 100 BC Julius Caesar
78%
40 Philosopher 428–423 BC Plato
78%
4 Religious Leader 563 or 480 BC Buddha
67%
26 Ruler 1732 George Washington
67%
66 Ruler 1878 Joseph Stalin
67%
94 Ruler 1533 Queen Elizabeth I
67%
13 Philosopher 384 BC Aristotle
56%
84 Ruler 1870 Lenin
56%
25 Religious Leader 1483 Martin Luther
56%
50 Artist 1475 Michelangelo
56%
34 Ruler 1769 Napoleon Bonaparte
56%
39 Ruler 1889 Adolf Hitler
44%
21 Ruler 272 Constantine
44%
12 Scientist 1564 Galileo Galilei
44%
24 Scientist 1831 James Clerk Maxwell
44%
8 Inventor 1393–1406 Johann Gutenberg
44%
88 Ruler 1672 Peter
44%
6 Religious Leader 5 Saint Paul
44%
31 Artist 1564 William Shakespeare
44%
43 Scientist 1881 Alexander Fleming
33%
42 Inventor 1847 Alexander Graham Bell
33%
97 Ruler 748 Charlemagne
33%
5 Philosopher 551 BC Confucius
33%
27 Philosopher 1818 Karl Marx
33%
11 Scientist 1822 Louis Pasteur
33%
95 Ruler 1931 Mikhail Gorbachev
33%
19 Scientist 1473 Nicolaus Copernicus
33%
49 Philosopher 1596 Rene Descartes
33%
35 Inventor 1847 Thomas Edison
33%
86 Discoverer 1460 Vasco da Gama
33%
30 Philosopher 1723 Adam Smith
22%
33 Ruler 356 BC Alexander Magnus
22%
70 Scientist 1749 Edward Jenner
22%
76 Scientist 1901 Enrico Fermi
22%
14 Scientist 300 BC Euclid
22%
62 Conqueror 1478 Francisco Pizarro
22%
29 Ruler 1162 Genghis Khan
22%
91 Businessman 1863 Henry Ford
22%
63 Conqueror 1485 Hernando Cortes
22%
98 Artist 8th century BC Homer
22%
22 Inventor 1736 James Watt
22%
78 Philosopher 1712 Jean-Jacques Rousseau
22%
72 Artist 1685 Johann Sebastian Bach
22%
57 Religious Leader 1509 John Calvin
22%
44 Philosopher 1632 John Locke
22%
77 Scientist 1707 Leonhard Euler
22%
45 Artist 1770 Ludwig van Beethoven
22%
59 Scientist 1858 Max Planck
22%
23 Scientist 1791 Michael Faraday
22%
15 Religious Leader 13th century BC Moses
22%
61 Inventor 1832 Nicolaus August Otto
22%
54 Religious Leader 354 St. Augustine
22%
64 Ruler 1743 Thomas Jefferson
22%
74 Philosopher 1694 Voltaire
22%
28 Inventor 1867, 1871 Wilbur & Orville Wright
22%
20 Scientist 1743 Antoine Lavoisier
11%
53 Ruler 304 BC Asoka
11%
16 Scientist 1809 Charles Darwin
11%
87 Ruler 600 BC Cyrus
11%
56 Scientist 1871 Ernest Rutherford
11%
90 Scientist 1561 Francis Bacon
11%
58 Scientist 1822 Gregor Mendel
11%
38 Inventor 1874 Guglielmo Marconi
11%
75 Scientist 1571 Johannes Kepler
11%
81 Ruler 1917 John Kennedy
11%
60 Scientist 1827 Joseph Lister
11%
99 Ruler 482 Justinian I
11%
47 Inventor 1787 Louis Daguerre
11%
100 Religious Leader 599 BC Mahavira
11%
89 Ruler 1893 Mao Zedong
11%
96 Ruler 3200–3000 BC Menes
11%
41 Ruler 1599 Oliver Cromwell
11%
17 Ruler 259 BC Shih Huang Ti
11%
69 Scientist 1856 Sigmund Freud
11%
85 Ruler 541 Sui Wen Ti
11%
7 Inventor 50–62 Ts’ai Lun
11%
46 Scientist 1901 Werner Heisenberg
11%
71 Scientist 1845 William Conrad Rontgen
11%
55 Scientist 1578 William Harvey
11%
37 Scientist 1819 William Morton
11%
68 Ruler 1028 William, the Conqueror
11%
93 Religious Leader 624–599 BC Zoroaster
11%
36 Scientist 1632 Antony van Leeuwenhoek
0%
82 Scientist 1903 Gregory Pincus
0%
32 Scientist 1766 John Dalton
0%
73 Philosopher 6th century BC Lao Tzu
0%
83 Religious Leader 216 Mani
0%
92 Philosopher 371 BC Mencius
0%
79 Philosopher 1469 Niccolo Machiavelli
0%
51 Religious Leader 1035 Pope Urban II
0%
65 Ruler 1451 Queen Isabella I
0%
48 Ruler 1783 Simon Bolivar
0%
80 Philosopher 1766 Thomas Malthus
0%
52 Ruler 584 ‘Umar ibn al-Khattab
0%
No matching quizzes found
Score Distribution
Percent of People with Each Score
Percentile by Number Answered
Your Score History
You have not taken this quiz since the last reset